| 000 | 00484nam a22001457a 4500 | ||
|---|---|---|---|
| 020 | _a0-7106-0855-1 | ||
| 082 | _a355-WS JAN'S | ||
| 100 |
_aBLAKE, BERNARD _961526 |
||
| 245 | _aJANES WEAPON SYSTEM 1986-87, 1981-82, 1985-86, 1974-75, 1973-74, 1988-89 | ||
| 250 | _a19TH | ||
| 260 |
_aUK _bJANE'S INFORMATION GROUP _c1988 |
||
| 300 | _a1008P | ||
| 650 |
_aSTRATEGIC WEAPONS LAND-BASED WEAPON AND SYSTEM SHIP BORNE WEAPONS AND SYSTEM AIRBORNE WEAPONS AND SYSTEM _961527 |
||
| 942 | _cBK | ||
| 999 |
_c570954 _d570954 |
||